[Event "25th Klatovy A 2017"]
[Site "Klatovy CZE"]
[Date "2017.07.07"]
[Round "7.30"]
[White "Pavlicek, Petr"]
[Black "Ondrejat, Miroslav"]
[Result "1-0"]
[WhiteElo "1899"]
[BlackElo "2010"]
[PlyCount "111"]
[EventDate "2017.07.01"]
[EventType "swiss"]
[EventRounds "9"]
[EventCountry "CZE"]
[SourceTitle "EXT 2018"]
[Source "ChessBase"]
[SourceDate "2017.10.13"]
[SourceVersion "1"]
[SourceVersionDate "2017.10.13"]
[SourceQuality "1"]

1. Nf3 g6 2. g3 Bg7 3. d4 f5 4. Bg2 Nf6 5. c4 O-O 6. O-O d6 7. Nc3 Qe8 8. d5 c5 9. Bd2 h6 10. Qc2 a6 11. a4 Nbd7 12. Nh4 Ne5 13. b3 Nh5 14. f4 Ng4 15. Rae1 Bd4+ 16. e3 Bf6 17. Nf3 b5 18. axb5 Bxc3 19. Bxc3 axb5 20. e4 bxc4 21. bxc4 Qa4 22. Qd3 fxe4 23. Qxe4 Bf5 24. Qe2 Qb3 25. Rc1 Ra2 26. Nd2 Qb7 27. Bf3 Ngf6 28. g4 Nxf4 29. Qe3 Bxg4 30. Qxf4 g5 31. Qe3 Qd7 32. Bxg4 Qxg4+ 33. Kh1 Rf7 34. Qf3 Qh4 35. Qf5 Ra8 36. Kg2 Raf8 37. Qh3 Qxh3+ 38. Kxh3 Nh5 39. Rxf7 Rxf7 40. Rf1 Nf4+ 41. Kg4 Kh7 42. h4 Kg6 43. h5+ Kh7 44. Ne4 Rf8 45. Bd2 e6 46. dxe6 Nxe6 47. Rxf8 Nxf8 48. Nxd6 Nd7 49. Be3 Nf6+ 50. Kf5 Nxh5 51. Bxc5 Ng7+ 52. Kf6 Nh5+ 53. Kf7 g4 54. Bd4 Nf4 55. Ne8 h5 56. Bg7 1-0

[Event "25th Klatovy A 2017"]
[Site "Klatovy CZE"]
[Date "2017.07.07"]
[Round "7.31"]
[White "Hacaperka, Michal"]
[Black "Kubat, Miroslav"]
[Result "1/2-1/2"]
[WhiteElo "1846"]
[BlackElo "1983"]
[PlyCount "76"]
[EventDate "2017.07.01"]
[EventType "swiss"]
[EventRounds "9"]
[EventCountry "CZE"]
[SourceTitle "EXT 2018"]
[Source "ChessBase"]
[SourceDate "2017.10.13"]
[SourceVersion "1"]
[SourceVersionDate "2017.10.13"]
[SourceQuality "1"]

1. e4 c5 2. Nc3 Nc6 3. Bb5 Nd4 4. Bc4 e6 5. Nge2 Nxe2 6. Qxe2 a6 7. a4 d6 8. O-O Nf6 9. d3 Be7 10. Bb3 O-O 11. Bd2 b6 12. f4 Re8 13. Qf3 Bb7 14. f5 d5 15. fxe6 fxe6 16. exd5 exd5 17. Bg5 Kh8 18. Bxf6 Bxf6 19. Bxd5 Re3 20. Qxe3 Bd4 21. Qxd4 cxd4 22. Bxb7 Ra7 23. Ne4 Rxb7 24. Ng5 Qe8 25. Rae1 Re7 26. Ne4 h6 27. b3 Kg8 28. Rf2 Qd7 29. Ref1 Qc6 30. Re2 Rf7 31. Rxf7 Kxf7 32. Rf2+ Kg8 33. g3 Qe6 34. Kg2 Qg4 35. h3 Qg6 36. Kh2 h5 37. h4 Qg4 38. Kg2 Qg6 1/2-1/2

[Event "25th Klatovy A 2017"]
[Site "Klatovy CZE"]
[Date "2017.07.07"]
[Round "7.32"]
[White "Hodan, Jiri"]
[Black "Richter, Martin1"]
[Result "1-0"]
[WhiteElo "1876"]
[BlackElo "1945"]
[PlyCount "105"]
[EventDate "2017.07.01"]
[EventType "swiss"]
[EventRounds "9"]
[EventCountry "CZE"]
[SourceTitle "EXT 2018"]
[Source "ChessBase"]
[SourceDate "2017.10.13"]
[SourceVersion "1"]
[SourceVersionDate "2017.10.13"]
[SourceQuality "1"]

1. e4 e6 2. d4 d5 3. Nd2 c5 4. exd5 Qxd5 5. dxc5 Bxc5 6. Ngf3 Nf6 7. Bc4 Qd6 8. O-O O-O 9. Nb3 Qxd1 10. Rxd1 Be7 11. a4 Nc6 12. Nbd4 Bd7 13. Be3 Nxd4 14. Bxd4 Bc6 15. Ne5 Be4 16. Bd3 Rfd8 17. Bxe4 Nxe4 18. c3 f6 19. Nf3 e5 20. Be3 Bc5 21. Bxc5 Nxc5 22. Rxd8+ Rxd8 23. Kf1 Nb3 24. Re1 Kf7 25. g3 Nc5 26. Ra1 Ke6 27. Ke2 h6 28. b4 Ne4 29. Rc1 f5 30. Rc2 g5 31. c4 g4 32. Nh4 f4 33. gxf4 exf4 34. f3 Ng5 35. fxg4 h5 36. gxh5 Rh8 37. Ng6 f3+ 38. Kf2 Rh6 39. h4 Nf7 40. Kxf3 Kf5 41. Ne7+ Ke6 42. Nd5 Ne5+ 43. Ke4 Nd7 44. Nf4+ Ke7 45. Rg2 Nf6+ 46. Kf5 Nxh5 47. Nxh5 Rxh5+ 48. Kg4 Re5 49. Kf4 Rh5 50. Re2+ Kf6 51. Kg4 Rf5 52. Re4 Rf1 53. Rf4+ 1-0

[Event "25th Klatovy A 2017"]
[Site "Klatovy CZE"]
[Date "2017.07.07"]
[Round "7.33"]
[White "Nagy, Ladislav1"]
[Black "Bartonicek, Zdenek"]
[Result "0-1"]
[WhiteElo "1812"]
[BlackElo "1942"]
[PlyCount "72"]
[EventDate "2017.07.01"]
[EventType "swiss"]
[EventRounds "9"]
[EventCountry "CZE"]
[SourceTitle "EXT 2018"]
[Source "ChessBase"]
[SourceDate "2017.10.13"]
[SourceVersion "1"]
[SourceVersionDate "2017.10.13"]
[SourceQuality "1"]

1. Nf3 Nf6 2. g3 d5 3. Bg2 e6 4. O-O Be7 5. c4 d4 6. e3 Nc6 7. Nxd4 Nxd4 8. exd4 Qxd4 9. Qe2 O-O 10. Nc3 c6 11. d3 Rd8 12. Rd1 e5 13. Be3 Qd6 14. d4 Bg4 15. f3 Bf5 16. g4 Be6 17. g5 Nh5 18. d5 cxd5 19. cxd5 Bf5 20. Ne4 Qg6 21. h4 Nf4 22. Bxf4 exf4 23. Rac1 h6 24. Rc7 Qb6+ 25. Kh2 Qxc7 26. gxh6 Bxh4 27. Bh3 Bg3+ 28. Nxg3 fxg3+ 29. Kg2 Qc2 30. Rd2 Bxh3+ 31. Kxh3 Qf5+ 32. Kxg3 Rxd5 33. h7+ Kh8 34. Rc2 Qg5+ 35. Kf2 Rad8 36. Qe4 Rd2+ 0-1

[Event "25th Klatovy A 2017"]
[Site "Klatovy CZE"]
[Date "2017.07.07"]
[Round "7.34"]
[White "Kejzlar, Lubos"]
[Black "Paldus, Jan"]
[Result "1-0"]
[WhiteElo "1940"]
[BlackElo "1770"]
[PlyCount "161"]
[EventDate "2017.07.01"]
[EventType "swiss"]
[EventRounds "9"]
[EventCountry "CZE"]
[SourceTitle "EXT 2018"]
[Source "ChessBase"]
[SourceDate "2017.10.13"]
[SourceVersion "1"]
[SourceVersionDate "2017.10.13"]
[SourceQuality "1"]

1. e4 d5 2. exd5 Qxd5 3. Nc3 Qa5 4. Bc4 Nf6 5. d3 c6 6. Qe2 Bf5 7. Bd2 Qc7 8. h3 h6 9. g4 Bh7 10. f4 e6 11. O-O-O Nbd7 12. Nf3 O-O-O 13. Ne5 Nxe5 14. fxe5 Nd5 15. Rhf1 Nxc3 16. Bxc3 Be7 17. Qf2 b5 18. Bb3 Rd7 19. Rde1 Rhd8 20. a4 b4 21. Bd2 Bg5 22. Bxg5 hxg5 23. Bc4 a5 24. Qe3 b3 25. Bxb3 Bxd3 26. Rxf7 Rxf7 27. Bxe6+ Kb7 28. Bxf7 Qxf7 29. e6 Qe7 30. cxd3 Qb4 31. e7 Re8 32. Qe4 Qc5+ 33. Kb1 Qd6 34. Re3 Qh2 35. d4 Qd6 36. Qe5 Qb4 37. Qc5 Qxa4 38. Ra3 Qb4 39. Rxa5 Qxc5 40. Rxc5 Rxe7 41. Rxg5 Kb6 42. h4 Rd7 43. Kc2 Rf7 44. h5 Kc7 45. Rf5 Re7 46. Kd3 Kd6 47. Rg5 Rf7 48. Ke4 Ke6 49. Rg6+ Kd7 50. Rg5 Ke6 51. Re5+ Kd6 52. g5 Rf2 53. Rf5 Rxb2 54. Rf7 Rh2 55. Kf5 Rxh5 56. Rxg7 Rh4 57. Rg8 Rh1 58. Re8 Rf1+ 59. Kg6 Kd5 60. Rd8+ Ke6 61. Kg7 Ke7 62. Rc8 Kd7 63. Rf8 Rd1 64. Rf4 Ke6 65. g6 Rg1 66. Rf6+ Kd5 67. Kf8 Kxd4 68. Rxc6 Rf1+ 69. Ke7 Re1+ 70. Re6 Rg1 71. Kf7 Kd5 72. Re8 Rf1+ 73. Kg8 Rg1 74. g7 Kd6 75. Rf8 Ke6 76. Rf2 Ke7 77. Rf7+ Ke8 78. Rf6 Ke7 79. Rh6 Rg2 80. Kh8 Kf7 81. Rh7 1-0

[Event "25th Klatovy A 2017"]
[Site "Klatovy CZE"]
[Date "2017.07.07"]
[Round "7.35"]
[White "Novotny, Jaroslav2"]
[Black "Kubat, Martin"]
[Result "1-0"]
[WhiteElo "1933"]
[BlackElo "1828"]
[PlyCount "31"]
[EventDate "2017.07.01"]
[EventType "swiss"]
[EventRounds "9"]
[EventCountry "CZE"]
[SourceTitle "EXT 2018"]
[Source "ChessBase"]
[SourceDate "2017.10.13"]
[SourceVersion "1"]
[SourceVersionDate "2017.10.13"]
[SourceQuality "1"]

1. e4 c5 2. Nf3 d6 3. d4 cxd4 4. Nxd4 Nf6 5. Nc3 g6 6. Bc4 Bg7 7. O-O O-O 8. Bb3 Nc6 9. Nxc6 bxc6 10. Re1 Qc7 11. Bf4 Nh5 12. Bg5 h6 13. Be3 Ba6 14. Qg4 Rad8 15. Qxg6 Qa5 16. g4 1-0

[Event "25th Klatovy A 2017"]
[Site "Klatovy CZE"]
[Date "2017.07.07"]
[Round "7.36"]
[White "Molkanov, Oleg 2001"]
[Black "Kasik, Miroslav"]
[Result "1-0"]
[WhiteElo "2117"]
[BlackElo "1805"]
[PlyCount "71"]
[EventDate "2017.07.01"]
[EventType "swiss"]
[EventRounds "9"]
[EventCountry "CZE"]
[SourceTitle "EXT 2018"]
[Source "ChessBase"]
[SourceDate "2017.10.13"]
[SourceVersion "1"]
[SourceVersionDate "2017.10.13"]
[SourceQuality "1"]

1. d4 d5 2. c4 e6 3. Nf3 Nf6 4. g3 Bb4+ 5. Bd2 Bxd2+ 6. Nbxd2 O-O 7. Bg2 c6 8. O-O Nbd7 9. Qc2 Re8 10. Rfd1 Qc7 11. e4 dxe4 12. Nxe4 Nxe4 13. Qxe4 Nf6 14. Qc2 b6 15. Rac1 Bb7 16. c5 b5 17. Re1 Rad8 18. Rcd1 a5 19. Ne5 Nd5 20. a3 f6 21. Nf3 Bc8 22. Bh3 Qf7 23. Nd2 e5 24. Bxc8 Rxc8 25. dxe5 Rxe5 26. Rxe5 fxe5 27. Ne4 Qg6 28. Qd3 Rf8 29. Nd6 Qf6 30. Rd2 Ra8 31. Nxb5 Rf8 32. Nc3 Rd8 33. Nxd5 Rxd5 34. Qb3 Qd8 35. Rxd5 cxd5 36. c6 1-0

[Event "25th Klatovy A 2017"]
[Site "Klatovy CZE"]
[Date "2017.07.07"]
[Round "7.37"]
[White "Kunc, Jan"]
[Black "Novak, Vaclav2"]
[Result "1-0"]
[WhiteElo "2015"]
[BlackElo "1829"]
[PlyCount "75"]
[EventDate "2017.07.01"]
[EventType "swiss"]
[EventRounds "9"]
[EventCountry "CZE"]
[SourceTitle "EXT 2018"]
[Source "ChessBase"]
[SourceDate "2017.10.13"]
[SourceVersion "1"]
[SourceVersionDate "2017.10.13"]
[SourceQuality "1"]

1. e4 e5 2. Nf3 Nc6 3. Bb5 a6 4. Ba4 Bc5 5. c3 Nf6 6. d4 b5 7. dxc5 bxa4 8. Qxa4 Bb7 9. Bg5 h6 10. Bxf6 Qxf6 11. Nbd2 O-O 12. O-O Rad8 13. Rad1 d6 14. cxd6 Rxd6 15. Nc4 Re6 16. Ne3 Ne7 17. Nd5 Nxd5 18. exd5 Rd6 19. Qe4 Rfd8 20. c4 c6 21. Qxe5 cxd5 22. Qxf6 Rxf6 23. c5 Rf4 24. Nd4 Rc8 25. b4 a5 26. a3 a4 27. Rfe1 Kf8 28. Re3 g6 29. f3 Re8 30. Kf2 Re7 31. c6 Rxd4 32. Rxd4 Rxe3 33. Kxe3 Bxc6 34. Rd2 Ke7 35. Kd4 Kd6 36. Rc2 Bb5 37. Rc5 Bc4 38. b5 1-0

[Event "25th Klatovy A 2017"]
[Site "Klatovy CZE"]
[Date "2017.07.07"]
[Round "7.38"]
[White "Novy, Daniel"]
[Black "Krauskopfova, Lenka 1996"]
[Result "0-1"]
[WhiteElo "1942"]
[BlackElo "1986"]
[PlyCount "46"]
[EventDate "2017.07.01"]
[EventType "swiss"]
[EventRounds "9"]
[EventCountry "CZE"]
[SourceTitle "EXT 2018"]
[Source "ChessBase"]
[SourceDate "2017.10.13"]
[SourceVersion "1"]
[SourceVersionDate "2017.10.13"]
[SourceQuality "1"]

1. e4 c5 2. Nf3 Nc6 3. d4 cxd4 4. Nxd4 g6 5. Be3 Nf6 6. Nc3 Bg7 7. Be2 O-O 8. Qd2 d5 9. exd5 Nxd5 10. Nxd5 Nxd4 11. Bxd4 Qxd5 12. Bxg7 Qxg2 13. O-O-O Kxg7 14. Qd4+ Kg8 15. Rdg1 Qc6 16. h4 Bf5 17. Qf4 Qe4 18. Qxe4 Bxe4 19. Rh3 Bd5 20. h5 Be6 21. Rh4 Kg7 22. Rgh1 Bxa2 23. hxg6 hxg6 0-1

[Event "25th Klatovy A 2017"]
[Site "Klatovy CZE"]
[Date "2017.07.07"]
[Round "7.39"]
[White "Hlozek, David"]
[Black "Cecil, Pavel"]
[Result "0-1"]
[WhiteElo "1890"]
[BlackElo "1967"]
[PlyCount "76"]
[EventDate "2017.07.01"]
[EventType "swiss"]
[EventRounds "9"]
[EventCountry "CZE"]
[SourceTitle "EXT 2018"]
[Source "ChessBase"]
[SourceDate "2017.10.13"]
[SourceVersion "1"]
[SourceVersionDate "2017.10.13"]
[SourceQuality "1"]

1. e4 e6 2. d4 d5 3. Nd2 Nf6 4. e5 Nfd7 5. Bd3 c5 6. c3 Nc6 7. Ne2 cxd4 8. cxd4 f6 9. exf6 Qxf6 10. Nf3 h6 11. Be3 Bd6 12. O-O O-O 13. Rc1 Rd8 14. Nc3 a6 15. Qb3 Rb8 16. a3 Nf8 17. Rfd1 Bd7 18. Qb6 Be8 19. Qb3 Kh8 20. Qc2 Bg6 21. Bxg6 Nxg6 22. b4 Nge7 23. b5 Na5 24. a4 Rdc8 25. Qd3 Nc4 26. Rb1 Qf5 27. Qe2 g5 28. Rdc1 a5 29. Nd2 Bb4 30. Nxc4 Rxc4 31. Na2 Ba3 32. Rd1 Rbc8 33. Rb3 Bd6 34. Bxg5 Qxg5 35. Qxe6 Nf5 36. Qxd5 Qh5 37. Rbd3 Bxh2+ 38. Kf1 Ng3+ 0-1

[Event "25th Klatovy A 2017"]
[Site "Klatovy CZE"]
[Date "2017.07.07"]
[Round "7.40"]
[White "Fox, Pierre"]
[Black "Odehnal, Jaroslav"]
[Result "0-1"]
[WhiteElo "1761"]
[BlackElo "1930"]
[PlyCount "58"]
[EventDate "2017.07.01"]
[EventType "swiss"]
[EventRounds "9"]
[EventCountry "CZE"]
[SourceTitle "EXT 2018"]
[Source "ChessBase"]
[SourceDate "2017.10.13"]
[SourceVersion "1"]
[SourceVersionDate "2017.10.13"]
[SourceQuality "1"]

1. d4 Nf6 2. c4 e6 3. Nc3 Bb4 4. e3 c5 5. Bd3 b6 6. Nge2 Bb7 7. O-O d5 8. cxd5 exd5 9. a3 Bxc3 10. bxc3 O-O 11. Re1 c4 12. Bc2 Re8 13. Ng3 Ne4 14. Nxe4 dxe4 15. a4 Nd7 16. Ba3 Nf6 17. Rb1 Nd5 18. Qd2 Qg5 19. Bd6 h5 20. Be5 f6 21. Bf4 Nxf4 22. exf4 Qxg2+ 23. Kxg2 e3+ 24. Kf1 exd2 25. Re2 Bg2+ 26. Kxg2 Rxe2 27. Bd1 Re1 28. Ra1 Rc8 29. Rb1 g6 0-1

[Event "25th Klatovy A 2017"]
[Site "Klatovy CZE"]
[Date "2017.07.07"]
[Round "7.41"]
[White "Skypala, Ondrej"]
[Black "Novak, Jaromir"]
[Result "1/2-1/2"]
[WhiteElo "1685"]
[BlackElo "1849"]
[PlyCount "96"]
[EventDate "2017.07.01"]
[EventType "swiss"]
[EventRounds "9"]
[EventCountry "CZE"]
[SourceTitle "EXT 2018"]
[Source "ChessBase"]
[SourceDate "2017.10.13"]
[SourceVersion "1"]
[SourceVersionDate "2017.10.13"]
[SourceQuality "1"]

1. c4 Nf6 2. Nc3 g6 3. g3 Bg7 4. Bg2 d6 5. e4 e5 6. Nge2 Nc6 7. O-O O-O 8. d3 Ne8 9. f4 Nd4 10. Nxd4 exd4 11. Ne2 c5 12. f5 g5 13. g4 Be5 14. Ng3 f6 15. Nh5 Ng7 16. Bd2 Nxh5 17. gxh5 h6 18. Bh3 Bd7 19. Bg4 b5 20. cxb5 Kg7 21. a4 a6 22. bxa6 Rxa6 23. Qc2 Qa8 24. b3 Be8 25. Rfb1 Bf7 26. Bf3 Rb8 27. Kg2 Rb7 28. b4 cxb4 29. Rxb4 Rxb4 30. Bxb4 Qb8 31. Rb1 Rb6 32. Qd2 Qe8 33. a5 Rb5 34. Qd1 Qb8 35. a6 Rxb4 36. a7 Rxb1 37. axb8=Q Rxb8 38. Qc2 Ra8 39. Qc7 Ra2+ 40. Kf1 Rxh2 41. Qe7 Ra2 42. Bd1 Ra1 43. Ke2 Rxd1 44. Kxd1 Kg8 45. Qd8+ Kg7 46. Qd7 Kg8 47. Qd8+ Kg7 48. Qd7 Kg8 1/2-1/2

[Event "25th Klatovy A 2017"]
[Site "Klatovy CZE"]
[Date "2017.07.07"]
[Round "7.42"]
[White "Vartazaryan, Gor"]
[Black "Lhotsky, Zdenek"]
[Result "0-1"]
[WhiteElo "1795"]
[BlackElo "1695"]
[PlyCount "60"]
[EventDate "2017.07.01"]
[EventType "swiss"]
[EventRounds "9"]
[EventCountry "CZE"]
[SourceTitle "EXT 2018"]
[Source "ChessBase"]
[SourceDate "2017.10.13"]
[SourceVersion "1"]
[SourceVersionDate "2017.10.13"]
[SourceQuality "1"]

1. e4 c5 2. Nf3 d6 3. d4 cxd4 4. Nxd4 Nf6 5. Nc3 a6 6. f3 e5 7. Nb3 Be6 8. Be3 Be7 9. Qd2 O-O 10. O-O-O Nbd7 11. g4 b5 12. h4 b4 13. Nd5 Bxd5 14. exd5 Nb6 15. Qxb4 Nbxd5 16. Qd2 Nxe3 17. Qxe3 a5 18. Nd2 Nd5 19. Qe4 Nf4 20. Nc4 Qc7 21. Rh2 Rfc8 22. Rhd2 d5 23. Qxe5 dxc4 24. Rd8+ Qxd8 25. Rxd8+ Rxd8 26. Qxe7 Re8 27. Qb7 Rad8 28. c3 Re1+ 29. Kc2 Rxf1 30. Qb6 Re8 0-1

[Event "25th Klatovy A 2017"]
[Site "Klatovy CZE"]
[Date "2017.07.07"]
[Round "7.43"]
[White "Kantor, Jozef"]
[Black "Danek, Vaclav"]
[Result "1-0"]
[WhiteElo "1844"]
[BlackElo "1953"]
[PlyCount "55"]
[EventDate "2017.07.01"]
[EventType "swiss"]
[EventRounds "9"]
[EventCountry "CZE"]
[SourceTitle "EXT 2018"]
[Source "ChessBase"]
[SourceDate "2017.10.13"]
[SourceVersion "1"]
[SourceVersionDate "2017.10.13"]
[SourceQuality "1"]

1. e4 e5 2. Nf3 Nc6 3. d4 exd4 4. Nxd4 Bc5 5. Be3 Qf6 6. c3 Nge7 7. Be2 O-O 8. O-O Bb6 9. Nxc6 Nxc6 10. Bxb6 axb6 11. f4 d6 12. Nd2 Qe7 13. Qc2 f5 14. Bc4+ Kh8 15. Rae1 Qf6 16. b4 Ra3 17. Rf3 Be6 18. Rh3 g6 19. e5 dxe5 20. fxe5 Qe7 21. Qc1 Raa8 22. Bxe6 Qxe6 23. Nf3 f4 24. Rxh7+ Kg8 25. Rxc7 Rxa2 26. Qb1 Rf5 27. Qe4 Nd8 28. Nd4 1-0

[Event "25th Klatovy A 2017"]
[Site "Klatovy CZE"]
[Date "2017.07.08"]
[Round "8.1"]
[White "Lacina, Adolf"]
[Black "Neuman, Petr"]
[Result "1/2-1/2"]
[WhiteElo "2237"]
[BlackElo "2442"]
[PlyCount "67"]
[EventDate "2017.07.01"]
[EventType "swiss"]
[EventRounds "9"]
[EventCountry "CZE"]
[SourceTitle "EXT 2018"]
[Source "ChessBase"]
[SourceDate "2017.10.13"]
[SourceVersion "1"]
[SourceVersionDate "2017.10.13"]
[SourceQuality "1"]

1. e4 c6 2. d4 d5 3. exd5 cxd5 4. Bd3 Nc6 5. c3 Qc7 6. Qb3 Nxd4 7. Qxd5 Nc6 8. Ne2 Nf6 9. Qg5 h6 10. Qh4 e5 11. O-O Be6 12. Nd2 O-O-O 13. Bb5 a6 14. Bc4 Nd5 15. b4 g5 16. Qe4 f5 17. Qb1 e4 18. b5 axb5 19. Qxb5 Bg7 20. Bb2 Rhe8 21. Nd4 Bxd4 22. cxd4 Qa5 23. Nb3 Qxb5 24. Bxb5 Nc7 25. Bxc6 bxc6 26. Nc5 Bd5 27. a4 Ne6 28. Nxe6 Rxe6 29. Ba3 f4 30. Bc5 e3 31. fxe3 Rxe3 32. a5 Rde8 33. a6 Re2 34. Rf2 1/2-1/2

[Event "25th Klatovy A 2017"]
[Site "Klatovy CZE"]
[Date "2017.07.08"]
[Round "8.2"]
[White "Vorisek, Jaroslav"]
[Black "Formanek, Martin"]
[Result "1/2-1/2"]
[WhiteElo "2185"]
[BlackElo "2273"]
[PlyCount "20"]
[EventDate "2017.07.01"]
[EventType "swiss"]
[EventRounds "9"]
[EventCountry "CZE"]
[SourceTitle "EXT 2018"]
[Source "ChessBase"]
[SourceDate "2017.10.13"]
[SourceVersion "1"]
[SourceVersionDate "2017.10.13"]
[SourceQuality "1"]

1. d4 g6 2. Nf3 Bg7 3. g3 Nf6 4. c4 d6 5. Bg2 O-O 6. O-O Nc6 7. Nc3 a6 8. b3 Bf5 9. Bb2 e5 10. d5 Ne7 1/2-1/2

[Event "25th Klatovy A 2017"]
[Site "Klatovy CZE"]
[Date "2017.07.08"]
[Round "8.3"]
[White "Nomin Erdene, Davaademberel"]
[Black "Miesbauer, Jan"]
[Result "1/2-1/2"]
[WhiteElo "2373"]
[BlackElo "2186"]
[PlyCount "204"]
[EventDate "2017.07.01"]
[EventType "swiss"]
[EventRounds "9"]
[EventCountry "CZE"]
[SourceTitle "EXT 2018"]
[Source "ChessBase"]
[SourceDate "2017.10.13"]
[SourceVersion "1"]
[SourceVersionDate "2017.10.13"]
[SourceQuality "1"]

1. e4 e6 2. d4 d5 3. Nc3 Bb4 4. e5 b6 5. a3 Bf8 6. Bb5+ c6 7. Ba4 a5 8. Nce2 Ne7 9. c3 Ba6 10. Ng3 Nd7 11. Be3 b5 12. Bc2 c5 13. N1e2 Nc6 14. f4 g6 15. O-O Qc7 16. b3 Be7 17. Rf2 b4 18. axb4 cxb4 19. f5 gxf5 20. Nxf5 exf5 21. Nf4 Nb6 22. Bxf5 Bh4 23. g3 Ne7 24. Bg4 Bg5 25. Ne6 fxe6 26. Bxg5 Rg8 27. h4 Qxc3 28. Bxe6 Rxg5 29. hxg5 Qxg3+ 30. Rg2 Qe3+ 31. Kh1 Bd3 32. Qh5+ Bg6 33. Qh6 Nd7 34. Rf1 O-O-O 35. Qg7 Nc6 36. Rf8 Qe1+ 37. Kh2 Qh4+ 38. Bh3 Qxh3+ 39. Kxh3 Nxf8 40. Qf6 Kb7 41. e6 Re8 42. Re2 Kc7 43. e7 Nd7 44. Qf4+ Kb7 45. Qd6 Nb6 46. Kg4 Be4 47. Rf2 Rxe7 48. Rf6 Rc7 49. Kh4 a4 50. bxa4 Nxa4 51. Rf1 Nb6 52. Ra1 Bd3 53. Qc5 b3 54. Qa3 Bc4 55. Rd1 Rf7 56. Rd2 Rf4+ 57. Kh5 Rxd4 58. Rf2 Kc7 59. Rf7+ Nd7 60. Qb2 Bd3 61. Rf2 Bg6+ 62. Kh6 Nc5 63. Rf6 Rc4 64. Qh2+ Kb7 65. Qd6 Ne4 66. Qxd5 Nxf6 67. Qxc4 Ne8 68. Qxb3+ Kc7 69. Qe6 Nd8 70. Qxg6 hxg6 71. Kxg6 Ne6 72. Kf5 Kd6 73. g6 N8g7+ 74. Ke4 Kc5 75. Ke5 Kc6 76. Ke4 Kd6 77. Ke3 Kd5 78. Kd3 Nf4+ 79. Ke3 Ke5 80. Kf3 Nd5 81. Kg4 Kf6 82. Kg3 Kg5 83. Kf3 Kf5 84. Kg3 Ne3 85. Kf3 Ng4 86. Kg3 Ne5 87. Kf2 Ke4 88. Ke2 Nf3 89. Kf2 Nd4 90. Ke1 Kd3 91. Kd1 Ne2 92. Ke1 Nc3 93. Kf2 Ke4 94. Ke1 Ke3 95. Kf1 Ne4 96. Kg2 Ke2 97. Kh3 Kf3 98. Kh4 Kf4 99. Kh3 Kg5 100. Kg2 Kf4 101. Kh3 Ng3 102. Kg2 Ne4 1/2-1/2

[Event "25th Klatovy A 2017"]
[Site "Klatovy CZE"]
[Date "2017.07.08"]
[Round "8.4"]
[White "Burnett, Andrew"]
[Black "Jurek, Josef"]
[Result "1/2-1/2"]
[WhiteElo "2211"]
[BlackElo "2263"]
[PlyCount "147"]
[EventDate "2017.07.01"]
[EventType "swiss"]
[EventRounds "9"]
[EventCountry "CZE"]
[SourceTitle "EXT 2018"]
[Source "ChessBase"]
[SourceDate "2017.10.13"]
[SourceVersion "1"]
[SourceVersionDate "2017.10.13"]
[SourceQuality "1"]

1. Nf3 Nf6 2. c4 c5 3. g3 b6 4. Bg2 Bb7 5. O-O g6 6. d4 cxd4 7. Qxd4 Bg7 8. Rd1 d6 9. Nc3 Nbd7 10. Be3 Rc8 11. Rac1 a6 12. b3 O-O 13. Qh4 Rc7 14. Bh3 Bxf3 15. exf3 Qb8 16. Bh6 Bxh6 17. Qxh6 b5 18. Bxd7 Rxd7 19. Rd4 bxc4 20. Rh4 d5 21. bxc4 e6 22. cxd5 exd5 23. Rd1 Rfd8 24. Rhd4 Qb2 25. R1d3 Rc8 26. Nd1 Qxa2 27. Qg5 Rd6 28. Ne3 Qe2 29. Kg2 Re6 30. Rd2 Qe1 31. h4 Rc1 32. Rd1 Rxd1 33. Rxd1 Qe2 34. Rc1 d4 35. Nf5 Re8 36. Nd6 Re6 37. Qf4 Qe5 38. Rc8+ Kg7 39. Qxe5 Rxe5 40. Nc4 Rd5 41. g4 Nd7 42. Nd2 a5 43. f4 d3 44. Kf3 a4 45. Ra8 Nb6 46. Ra6 Rd6 47. Ne4 d2 48. Nxd2 Nc4 49. Rxd6 Nxd6 50. Ke3 a3 51. Kd4 a2 52. Nb3 Kf6 53. f3 Ke6 54. Kc5 Nb7+ 55. Kd4 Na5 56. Na1 Kd6 57. Kc3 Kd5 58. Nc2 Kc5 59. Kb2 Nc4+ 60. Kxa2 Nd2 61. Kb2 Nxf3 62. Kc3 Nxh4 63. Ne3 h5 64. f5 gxf5 65. gxh5 Kd6 66. h6 Ke5 67. h7 Ng6 68. Kd3 Kf6 69. Ke2 f4 70. Ng2 Kg7 71. Kf3 Kxh7 72. Nxf4 Nxf4 73. Kxf4 Kg6 74. Kg4 1/2-1/2

[Event "25th Klatovy A 2017"]
[Site "Klatovy CZE"]
[Date "2017.07.08"]
[Round "8.5"]
[White "Hausner, Ivan"]
[Black "Krutsky, Martin"]
[Result "1/2-1/2"]
[WhiteElo "2363"]
[BlackElo "2045"]
[PlyCount "70"]
[EventDate "2017.07.01"]
[EventType "swiss"]
[EventRounds "9"]
[EventCountry "CZE"]
[SourceTitle "EXT 2018"]
[Source "ChessBase"]
[SourceDate "2017.10.13"]
[SourceVersion "1"]
[SourceVersionDate "2017.10.13"]
[SourceQuality "1"]

1. d4 Nf6 2. c4 g6 3. Nc3 Bg7 4. e4 d6 5. f4 O-O 6. Nf3 c5 7. d5 e6 8. Be2 exd5 9. cxd5 Nbd7 10. O-O Re8 11. Nd2 c4 12. e5 dxe5 13. Nxc4 Nb6 14. fxe5 Nfxd5 15. Nd6 Nxc3 16. bxc3 Rxe5 17. Nxf7 Qxd1 18. Bxd1 Rf5 19. Nh6+ Bxh6 20. Bxh6 Rxf1+ 21. Kxf1 Be6 22. Bb3 Bc4+ 23. Bxc4+ Nxc4 24. Rd1 Ne5 25. Kg1 Rc8 26. Rd5 Nf7 27. Bd2 Rc7 28. Kf2 Kf8 29. Ke2 Ke7 30. Rd4 Rc6 31. Ra4 a6 32. Kd1 Nd6 33. Rh4 h5 34. Kc2 Ke6 35. Rh3 Nf5 1/2-1/2

[Event "25th Klatovy A 2017"]
[Site "Klatovy CZE"]
[Date "2017.07.08"]
[Round "8.6"]
[White "Novotny, Michal"]
[Black "Palek, Miroslav"]
[Result "1/2-1/2"]
[WhiteElo "2264"]
[BlackElo "2174"]
[PlyCount "81"]
[EventDate "2017.07.01"]
[EventType "swiss"]
[EventRounds "9"]
[EventCountry "CZE"]
[SourceTitle "EXT 2018"]
[Source "ChessBase"]
[SourceDate "2017.10.13"]
[SourceVersion "1"]
[SourceVersionDate "2017.10.13"]
[SourceQuality "1"]

1. d4 Nf6 2. Nf3 e6 3. c4 Bb4+ 4. Bd2 Bxd2+ 5. Qxd2 Qe7 6. Nc3 d5 7. e3 O-O 8. Bd3 Nbd7 9. O-O dxc4 10. Bxc4 e5 11. e4 c6 12. Rfe1 a6 13. Rad1 b5 14. Bf1 Bb7 15. Qg5 h6 16. Qh4 Rfe8 17. Kh1 Kf8 18. dxe5 Nxe5 19. Nxe5 Qxe5 20. f4 Qh5 21. Qxh5 Nxh5 22. g3 g5 23. f5 Rad8 24. Bg2 c5 25. e5 Bxg2+ 26. Kxg2 Rxd1 27. Nxd1 Nf6 28. Nf2 c4 29. h4 gxh4 30. gxh4 Nd7 31. Rd1 Nxe5 32. Rd6 h5 33. Rxa6 Nd3 34. Kf3 Kg7 35. Nxd3 cxd3 36. Rd6 Re2 37. Rxd3 Rxb2 38. Kf4 Rxa2 39. Kg5 Rg2+ 40. Kxh5 Kf6 41. Rd6+ 1/2-1/2